|
|
|
|
| LEADER |
00000nab a2200000 a 4500 |
| 001 |
vtls000309728 |
| 003 |
SK-MaSNL |
| 005 |
20260302215542.0 |
| 008 |
111201c1988 xo 0 slo |
| 015 |
|
|
|a SNBRB19rr/mm-uuuuu
|
| 035 |
|
|
|a CL0319849
|
| 040 |
|
|
|a SNKBUCL
|b slo
|c SNKBUCL
|e AACR2
|
| 041 |
0 |
|
|a slo
|
| 044 |
|
|
|a xo
|c SK
|
| 080 |
|
|
|a 796.926.093.356.077
|2 1981
|
| 080 |
|
|
|a 929 Wasmeier, Markus
|2 1981
|
| 100 |
1 |
|
|a (šr)
|4 aut
|9 903798
|
| 245 |
1 |
0 |
|a Markus Wasmeier
|b (NSR) - majster sveta 5 a bronzový z MS 7
|c (šr) ; Markus Wesmeier
|
| 600 |
1 |
7 |
|a Wesmeier, Markus
|2 snkbucl
|9 944252
|
| 655 |
|
7 |
|a články z novín a časopisov
|2 snkbucl
|9 267496
|
| 773 |
0 |
|
|t Štart
|g Roč. 33, č. 4 (1988), s. 32
|
| 850 |
|
|
|a Slovenská národná knižnica v Martine
|a MTA001
|
| 852 |
|
|
|a SNK
|b KIS3GCP
|
| 958 |
|
|
|a RK
|
| 992 |
|
|
|a RBX
|
| 999 |
|
|
|c 1502921
|d 1504851
|